000 00556nam a2200229Ia 4500
008 210210b2005 xxu||||| |||| 00| 0 eng d
020 _a0072552980
041 _aeng
082 _a576 TALF
100 _aTALARO (Kathleen Park)
245 _aFoundations in microbiology Ed 5
250 _a
260 _aNew York
_bMcGraw Hill Education (India) Private Limited
_c2005
300 _axxv,831+60
650 _amicrobiology
650 _ain
650 _aFoundations
650 _aEd
650 _a5
690 _aMicrobiology
906 _a069459
999 _c118933
_d118933